Information security policies and actions in modern integrated systems / (Record no. 25895)

MARC details
000 -LEADER
fixed length control field 00886cam a22002534a 4500
001 - CONTROL NUMBER
control field 13372615
005 - DATE AND TIME OF LATEST TRANSACTION
control field 20201128024223.0
008 - FIXED-LENGTH DATA ELEMENTS--GENERAL INFORMATION
fixed length control field 031014s2004 paua b 001 0 eng
020 ## - INTERNATIONAL STANDARD BOOK NUMBER
International Standard Book Number 1591401860
020 ## - INTERNATIONAL STANDARD BOOK NUMBER
International Standard Book Number 9781591401865
040 ## - CATALOGING SOURCE
Original cataloging agency DLC
Transcribing agency DLC
Modifying agency DLC
-- DLC
-- EG-ScBUE
Language of cataloging eng
082 04 - DEWEY DECIMAL CLASSIFICATION NUMBER
Classification number 005.8
Edition number 22
Item number INF
245 00 - TITLE STATEMENT
Title Information security policies and actions in modern integrated systems /
Statement of responsibility, etc editor Mariagrazia Fugini, Carlo Bellettini.
260 ## - PUBLICATION, DISTRIBUTION, ETC. (IMPRINT)
Place of publication, distribution, etc Hershey :
Name of publisher, distributor, etc Idea Group Publishing,
Date of publication, distribution, etc c.2004.
300 ## - PHYSICAL DESCRIPTION
Extent xvii, 341 p. :
Other physical details ill. ;
Dimensions 26 cm.
504 ## - BIBLIOGRAPHY, ETC. NOTE
Bibliography, etc Includes bibliographical references and index.
650 #7 - SUBJECT ADDED ENTRY--TOPICAL TERM
Topical term or geographic name as entry element Computer security.
Source of heading or term BUEsh
9 (RLIN) 2637
650 #7 - SUBJECT ADDED ENTRY--TOPICAL TERM
Topical term or geographic name as entry element Integrated circuits.
Source of heading or term BUEsh
9 (RLIN) 3555
651 ## - SUBJECT ADDED ENTRY--GEOGRAPHIC NAME
Source of heading or term BUEsh
653 ## - INDEX TERM--UNCONTROLLED
Resource For college Generalities
-- Informatics and Computer Science
Arrived date list January2018
700 1# - ADDED ENTRY--PERSONAL NAME
Personal name Fugini, Mariagrazia,
Dates associated with a name 1957-
Relator term editor.
700 1# - ADDED ENTRY--PERSONAL NAME
Personal name Bellettini, Carlo,
Dates associated with a name 1967-
Relator term editor.
942 ## - ADDED ENTRY ELEMENTS (KOHA)
Source of classification or shelving scheme Dewey Decimal Classification
Holdings
Withdrawn status Item status Source of classification or shelving scheme Damaged status Not for loan Home library Current library Shelving location Date acquired Total Checkouts Full call number Barcode Date last seen Koha item type
    Dewey Decimal Classification     Central Library Central Library Lower Floor 08/01/2018   005.8 INF 000047112 15/07/2025 Book - Borrowing